| 000 | 00964nas a2200325 4500 | ||
|---|---|---|---|
| 001 | BR9002317 | ||
| 003 | BR-BrBNA | ||
| 005 | 20231205091850.0 | ||
| 007 | ta | ||
| 008 | 230509b bl.|||p| |||| 00| 00por d | ||
| 040 |
_aBR-BrBNA _bpor _cBiblioteca Nacional de Agricultura |
||
| 041 | _a(Pt) | ||
| 072 | _aF30; F01 | ||
| 100 | 1 | _aSoares, P.C. | |
| 100 | 1 | _aSilva, J.C. | |
| 100 | 1 | _aRangel, P.H.N. | |
| 100 | 1 | _aCutrim, V. dos A. | |
| 100 | 1 | _aCastro, E. da M. de | |
| 100 | 1 | _aCruz, C.D. | |
| 245 | 1 | _aResposta indireta a selecao em genotipos de arroz cultivados em varzea umida ou sob inundacao continua | |
| 650 | _aARROZ | ||
| 650 | _aSELECAO GENOTIPA | ||
| 650 | _aVARZEA | ||
| 650 | _aCULTURA IRRIGADA | ||
| 650 | _aRENDIMENTO | ||
| 650 | _aGOIAS | ||
| 773 | 0 |
_tPesquisa Agropecuaria Brasileira (Brazil) _xISSN 0100-204X _g(May 1990), v. 25(5) p. 765-772 _wBR9002317 |
|
| 909 |
_a202311 _bLúcia _c55 _dLúcia Elande |
||
| 942 |
_2AGRIS _n0 _cANA |
||
| 999 |
_c127833 _d127833 |
||